| 000 | 00621nam a2200193Ia 4500 | ||
|---|---|---|---|
| 005 | 20250508150201.0 | ||
| 008 | 008 250505s9999 xx 000 0 eng d | ||
| 037 | _aTextual | ||
| 040 |
_aFEDL _beng _cFEDL |
||
| 041 |
_aeng _2eng |
||
| 084 |
_a370.15, MIL _qFEDL |
||
| 100 | _aMilner Marion | ||
| 245 | 0 | _aHuman problem in schools : A psychological study carried out on behalf of the girls' public day school trust | |
| 260 |
_aLondon, UK _bMethuen and Co. Ltd. _c1938 |
||
| 300 | _axv,320p | ||
| 650 |
_aEducation - Psychology _9755527 |
||
| 942 |
_cTEXL _h370.15, MIL |
||
| 999 |
_c1322252 _d1322252 |
||